000 00484nam a2200169Ia 4500
999 _c12374
_d12374
003 OSt
005 20201016104703.0
008 190216s9999||||xx |||||||||||||| ||und||
040 _coclc
082 _a823.8
_bWIL/P
100 _aWilde, Oscar
_95040
245 4 _aThe Picture Of Dorian Gray /
_c Oscar Wilde
260 _bThe Modern Library,
_c1965.
_aNew york:
300 _a248p
650 _aEnglish Stories
942 _cBK
_2ddc
_h823.8
_iWIL/P
_k823.8
_mWIL/P